| 000 | 01523nam a22003737a 4500 | ||
|---|---|---|---|
| 001 | 13344741 | ||
| 003 | OSt | ||
| 005 | 20210426064151.0 | ||
| 008 | 030916s2004 nyu b 001 0beng | ||
| 010 | _a 2003065641 | ||
| 020 | _a1594200092 (alk. paper) | ||
| 020 | _a9781594200090 | ||
| 040 |
_aDLC _cDLC _dDLC |
||
| 043 | _an-us--- | ||
| 050 | 0 | 0 |
_aE302.6.H2 _bC48 2004 |
| 080 |
_a92 _bC-51 |
||
| 082 | 0 | 0 |
_a973.4/092 _aB _222 |
| 100 | 1 | _aChernow, Ron. | |
| 245 | 1 | 0 |
_aAlexander Hamilton / _cRon Chernow. |
| 260 |
_aNew York : _bPenguin Press, _c2004. |
||
| 300 |
_a818 p. ; _c25 cm. |
||
| 365 | _a35.00 USD | ||
| 504 | _aIncludes bibliographical references (p. [780]-788) and index. | ||
| 600 | 1 | 0 |
_aHamilton, Alexander, _d1757-1804. |
| 650 | 0 |
_aStatesmen _zUnited States _vBiography. |
|
| 651 | 0 |
_aUnited States _xPolitics and government _y1783-1809. |
|
| 653 | _aბიოგრაფია | ||
| 856 | 4 | 2 |
_3Contributor biographical information _uhttp://www.loc.gov/catdir/enhancements/fy0721/2003065641-b.html |
| 856 | 4 | 2 |
_3Publisher description _uhttp://www.loc.gov/catdir/enhancements/fy0721/2003065641-d.html |
| 856 | 4 | 1 |
_3Sample text _uhttp://www.loc.gov/catdir/enhancements/fy0721/2003065641-s.html |
| 906 |
_a7 _bcbc _corignew _d1 _eocip _f20 _gy-gencatlg |
||
| 942 |
_2udc _cBK |
||
| 999 |
_c1454 _d1454 |
||